000 00615nam a2200205 i 4500
001 19602
003 ES-MaACL
005 20230906152129.0
008 021004s1979 sp ||||1| spa d
020 _a84-01-37042-6
100 1 _aAbella, Rafael,
_d1917-2008
_918048
245 1 0 _aDe la semana trágica al 20-N /
_cRafael Abella.
250 _a1ª ed.
260 _aEsplugues de Llobregat (Barcelona) :
_bPlaza & Janés,
_c1979.
300 _a248 p. ;
_c19 cm.
504 _aBibliografía: p. 245-248.
651 4 _aEspaña-
_xHistoria-
_yS.XX.
_9138832
852 _aES-MaACL
_jA-10871
999 _c19602
_d19602